Statistics for Random US Borders

Click here to take the quiz!

General Stats

  • This quiz has been taken 606 times
  • The average score is 13 of 20

Answers on the Map

Answers color-coded by a green-red scale on the quiz's map according to % correct below.
 

Answer Stats

Answer% Correct
California & Nevada
100%
Oklahoma & Texas
100%
Minnesota & Wisconsin
92%
Arizona & Utah
90%
New Mexico & Texas
90%
Arizona & California
88%
California & Oregon
88%
Oregon & Washington
88%
Idaho & Montana
87%
Montana & North Dakota
87%
Nevada & Utah
85%
Idaho & Washington
81%
Alabama & Georgia
80%
Kansas & Missouri
79%
Nebraska & South Dakota
79%
North Dakota & South Dakota
79%
Virginia & West Virginia
79%
Arizona & New Mexico
77%
Utah & Wyoming
77%
Arkansas & Louisiana
76%
Arkansas & Missouri
76%
Idaho & Wyoming
75%
Montana & Wyoming
75%
Ohio & West Virginia
75%
Colorado & Utah
74%
Georgia & South Carolina
74%
Kansas & Oklahoma
74%
Louisiana & Mississippi
74%
Louisiana & Texas
74%
Connecticut & Rhode Island
73%
Kentucky & Tennessee
71%
Minnesota & North Dakota
71%
Arizona & Nevada
70%
Alabama & Mississippi
69%
Arkansas & Texas
68%
Nebraska & Wyoming
68%
Colorado & Kansas
67%
Idaho & Nevada
67%
Idaho & Oregon
67%
Idaho & Utah
67%
Kansas & Nebraska
67%
Missouri & Nebraska
67%
Montana & South Dakota
67%
Colorado & New Mexico
65%
Florida & Georgia
65%
Iowa & Minnesota
65%
New Jersey & Pennsylvania
65%
New York & Pennsylvania
65%
Alabama & Tennessee
64%
Colorado & Wyoming
63%
North Carolina & South Carolina
63%
Illinois & Missouri
62%
Minnesota & South Dakota
62%
Nevada & Oregon
62%
Arkansas & Oklahoma
61%
Ohio & Pennsylvania
61%
Arkansas & Mississippi
60%
Delaware & Maryland
60%
New Jersey & New York
60%
Illinois & Indiana
59%
Illinois & Kentucky
59%
Iowa & Nebraska
59%
New Hampshire & Vermont
59%
North Carolina & Tennessee
59%
Iowa & Missouri
58%
Illinois & Iowa
57%
Massachusetts & New Hampshire
57%
South Dakota & Wyoming
57%
Indiana & Ohio
55%
Alabama & Florida
53%
Mississippi & Tennessee
53%
Indiana & Michigan
52%
New York & Vermont
52%
Pennsylvania & West Virginia
52%
Colorado & Nebraska
50%
Georgia & Tennessee
50%
Indiana & Kentucky
50%
Maine & New Hampshire
50%
Massachusetts & New York
50%
Missouri & Oklahoma
50%
North Carolina & Virginia
50%
Kentucky & West Virginia
48%
Maryland & West Virginia
48%
Illinois & Wisconsin
47%
Maryland & Virginia
47%
Maryland & Pennsylvania
45%
Massachusetts & Rhode Island
44%
Kentucky & Ohio
42%
New Mexico & Oklahoma
42%
Tennessee & Virginia
42%
Arkansas & Tennessee
41%
Kentucky & Virginia
41%
Georgia & North Carolina
40%
Colorado & Oklahoma
39%
Missouri & Tennessee
39%
Michigan & Wisconsin
36%
Connecticut & New York
35%
Connecticut & Massachusetts
33%
Iowa & Wisconsin
33%
Massachusetts & Vermont
33%
Michigan & Ohio
33%
Kentucky & Missouri
32%
Iowa & South Dakota
28%
Delaware & Pennsylvania
23%
Massachusetts & Vermont
21%

Score Distribution

Percentile by Number Answered

Percent of People with Each Score

Your Score History

You have not taken this quiz